[Event "Open C Women"]
[Site "Moscow RUS"]
[Date "2010.01.31"]
[Round "2"]
[White "Gunina,V"]
[Black "Ghader Pour,S"]
[Result "0-1"]
[WhiteElo "2448"]
[BlackElo "2187"]

1.d4 Nf6 2.Nf3 e6 3.c4 Bb4+ 4.Nc3 c5 5.Bd2 cxd4 6.Nb5 Be7 7.Nfxd4 O-O 8.e3 Nc6
9.Qc2 b6 10.Bc3 Bb7 11.Nxc6 Bxc6 12.Nd4 Be4 13.Bd3 Bxd3 14.Qxd3 Rc8 15.Ne2 Qc7
16.b3 d5 17.Bxf6 dxc4 18.Qxc4 Qxc4 19.bxc4 Bxf6 20.Rc1 Rc7 21.f4 Rfc8 22.Kf2 Rxc4
23.Rxc4 Rxc4 24.Rd1 h6 25.Kf3 Ra4 26.Rd2 Ra3 27.Ng3 Be7 28.Ne4 f5 29.Nf2 Bb4
30.Rd8+ Kh7 31.Nd3 Bd2 32.Rd6 b5 33.h4 h5 34.e4 fxe4+ 35.Kxe4 Rxa2 36.Rxe6 Bc3
37.Rc6 Ra4+ 38.Kf5 Rc4 39.Ra6 Rc7 40.Nf2 Be1 41.Nd3 Bxh4 42.Ra5 Re7 43.Ne5 Rb7
44.Nc6 b4 45.Rxa7 Rxa7 46.Nxa7 b3 47.Nb5 b2 48.Nc3 Be1 49.Nb1 Bb4 50.Kg5 g6
51.f5 Be7+ 52.f6 Bb4 53.Kf4 Kg8 54.Ke4 Kf7 55.Kd3 Bd6 56.Nd2 Kxf6 57.Kc2 Be5
58.Nf3 g5 59.Nd2 Kf5  0-1

[Event "ch-ROU m"]
[Site "Baile Olanesti ROU"]
[Date "2010.02.02"]
[Round "3"]
[White "Anton,T"]
[Black "Parligras,M"]
[Result "1/2-1/2"]
[WhiteElo "2347"]
[BlackElo "2555"]

1.d4 Nf6 2.c4 e6 3.Nc3 Bb4 4.Nf3 b6 5.Bg5 Bb7 6.Nd2 h6 7.Bh4 O-O 8.Qc2 d5
9.cxd5 exd5 10.e3 Be7 11.Bd3 c5 12.a3 Nc6 13.Nf3 cxd4 14.exd4 Nh5 15.Bg3 Bf6
16.O-O-O Re8 17.Bb5 Nxg3 18.hxg3 a6 19.Bxc6 Bxc6 20.Rh5 Rc8 21.Kb1 Qd7 22.Qd3 Qg4
23.Rf5 Re4 24.Re5 Bxe5 25.Nxe5 Rxe5 26.dxe5 d4 27.Qxd4 Qxd4 28.Rxd4 Bxg2
29.Rd6 Rc6 30.Rxc6 Bxc6 31.f4 Kh7 32.Nd1 g5  1/2-1/2

[Event "8th Gibtelecom Masters"]
[Site "Caleta ENG"]
[Date "2010.02.02"]
[Round "8"]
[White "Avalos Parra,J"]
[Black "Collier,D"]
[Result "1-0"]
[WhiteElo "2245"]
[BlackElo "2118"]

1.d4 Nf6 2.c4 e6 3.Nf3 Bb4+ 4.Nc3 c5 5.g3 Ne4 6.Qd3 Qa5 7.Bd2 Nxd2 8.Nxd2 cxd4
9.Qxd4 O-O 10.Nb3 Nc6 11.Qd2 Qh5 12.Bg2 f5 13.f4 Be7 14.O-O-O d6 15.e4 g6
16.Kb1 Rd8 17.Qe3 Qh6 18.h4 Qg7 19.h5 Bd7 20.Nb5 Bc8 21.hxg6 hxg6 22.exf5 exf5
23.Nc7 Rb8 24.Bd5+ Kf8 25.Ne6+ Bxe6 26.Qxe6 Ke8 27.Rde1 Rd7 28.Qxg6+ Qxg6
29.Rh8+  1-0

[Event "Open C Women"]
[Site "Moscow RUS"]
[Date "2010.02.03"]
[Round "5"]
[White "Romanko,M"]
[Black "Pourkashiyan,A"]
[Result "1/2-1/2"]
[WhiteElo "2433"]
[BlackElo "2306"]

1.d4 Nf6 2.c4 e6 3.Nc3 Bb4 4.Nf3 c5 5.g3 cxd4 6.Nxd4 Ne4 7.Qd3 Bxc3+ 8.bxc3 Nc5
9.Qe3 b6 10.Nb5 O-O 11.Nd6 Qc7 12.Bg2 Nc6 13.Nb5 Qb8 14.Ba3 Bb7 15.O-O Na5
16.Bxc5 bxc5 17.Bxb7 Nxb7 18.Rab1 a6 19.Na3 Qc7 20.Rfd1 Rab8 21.Qd3 Rfd8
22.Nc2 d6 23.Ne3 Na5 24.Rxb8 Qxb8 25.Qe4 h6 26.Rb1 Qc7 27.f4 Rb8 28.Rd1 Nc6
29.f5 Ne5 30.fxe6 fxe6 31.Ng4 Rf8 32.Nxe5 dxe5 33.Rf1 Rxf1+ 34.Kxf1 Qf7+
35.Ke1 Qf5 36.Qa8+ Kh7 37.Qxa6 Qb1+ 38.Kf2 Qf5+ 39.Kg1 Qb1+ 40.Kf2 Qf5+ 41.Ke3 Qg5+
42.Kd3 Qf5+ 43.Kd2 Qg5+ 44.Kd1 Qf5 45.Qb7 e4 46.Qd7 Qf6 47.Qd2 Qf1+ 48.Kc2 Qa1
49.Kb3 Qb1+ 50.Qb2 Qh1 51.Qc2 Kh8 52.e3 Qf3 53.Qd2 Qf1 54.a4 Qb1+ 55.Qb2 Qd3
56.Qc1 Qd8 57.Qa1 Qb6+ 58.Kc2 Qa6 59.Qa2 Qd6 60.a5 Qd3+ 61.Kb3 Qd1+ 62.Qc2 Qa1
63.Qa2 Qd1+ 64.Ka3 Qd8 65.Kb3  1/2-1/2

[Event "ch-ROU m"]
[Site "Baile Olanesti ROU"]
[Date "2010.02.05"]
[Round "7"]
[White "Anton,T"]
[Black "Chifor,E"]
[Result "0-1"]
[WhiteElo "2347"]
[BlackElo "2247"]

1.d4 Nf6 2.Nf3 e6 3.c4 Bb4+ 4.Nc3 O-O 5.g3 Bxc3+ 6.bxc3 d6 7.Bg2 Nc6 8.O-O Qe7
9.Ba3 e5 10.Rb1 Rb8 11.c5 d5 12.dxe5 Nxe5 13.Nxe5 Qxe5 14.c6 Re8 15.Bc5 b6
16.Bd4 Qxe2 17.Bxf6 Qxd1 18.Rbxd1 gxf6 19.Rxd5 Be6 20.Rd4 Rbd8 21.Rfd1 Rxd4
22.cxd4 Bxa2 23.d5 Kf8 24.Bh3 Ke7 25.d6+ cxd6 26.Ra1 Be6 27.Rxa7+ Kd8 28.c7+ Kd7
29.Bf1 Kc6 30.Bd3 Rc8 31.Kf1 b5 32.Ra6+ Kc5 33.Ra5 Bc4 34.Bxc4 Kxc4 35.Ra7 Kc5
36.Ke2 Kb6 37.Ra2 Rxc7 38.Rb2 Ka5  0-1

[Event "Open C Women"]
[Site "Moscow RUS"]
[Date "2010.02.05"]
[Round "7"]
[White "Romanko,M"]
[Black "Galojan,L"]
[Result "1-0"]
[WhiteElo "2433"]
[BlackElo "2374"]

1.d4 Nf6 2.c4 e6 3.Nc3 Bb4 4.Nf3 O-O 5.Bg5 h6 6.Bxf6 Qxf6 7.Rc1 d6 8.a3 Bxc3+
9.Rxc3 e5 10.e3 Bg4 11.Be2 Nc6 12.d5 Ne7 13.Nd2 Bxe2 14.Qxe2 Qg6 15.O-O f5
16.f4 e4 17.Nb3 c5 18.dxc6 bxc6 19.c5 d5 20.Nd4 Rfb8 21.b4 a6 22.Rb1 Kh7
23.a4 Qe8 24.h3 Ra7 25.Rc2 Qc8 26.b5 cxb5 27.axb5 axb5 28.Rxb5 Rxb5 29.Qxb5 Rb7
30.Qa4 Qb8 31.c6 Ra7 32.Qb5 Qxb5 33.Nxb5 Ra5 34.Nd4 Kg6 35.c7 Ra8 36.Nc6 Nc8
37.Rc5 Ra1+ 38.Kh2 Kf6 39.Rxd5 Rc1 40.Rd8 Rxc6 41.Rxc8 Kf7 42.g4 fxg4 43.hxg4 Rc3
44.f5 Rc6 45.Kg3  1-0

[Event "9th Aeroflot Open A"]
[Site "Moscow RUS"]
[Date "2010.02.10"]
[Round "2"]
[White "Bareev,E"]
[Black "Svetushkin,D"]
[Result "1-0"]
[WhiteElo "2643"]
[BlackElo "2573"]

1.d4 Nf6 2.c4 e6 3.Nc3 Bb4 4.Nf3 b6 5.Bg5 Bb7 6.e3 h6 7.Bh4 Bxc3+ 8.bxc3 d6
9.Nd2 Nc6 10.Bd3 g5 11.Bg3 Qe7 12.Nb3 O-O-O 13.a4 a5 14.Rb1 Nd7 15.Qe2 f5
16.f3 h5 17.e4 h4 18.Bf2 fxe4 19.fxe4 e5 20.d5 Ncb8 21.Qg4 Rdf8 22.Be3 Na6
23.c5 Nxc5 24.Nxc5 dxc5 25.Bb5 Rhg8 26.g3 Kd8 27.Bxd7 Qxd7 28.Bxg5+ Kc8 29.Qxd7+ Kxd7
30.gxh4 Ba6 31.Rb2 Bd3 32.Rg1 Rf4 33.Kd2 Rf2+ 34.Kc1 Rgf8 35.Rd2 Bxe4 36.h5 R8f3
37.Rxf2 Rxf2 38.Re1 Bf3 39.h6 Rxh2 40.Rxe5 c4 41.Re7+ Kd6 42.h7 Rh1+ 43.Kd2 Bxd5
44.Ke3 Be6 45.Kf4 b5 46.axb5 a4 47.Rg7 Rf1+ 48.Kg3 Rh1 49.Kf4 Rf1+ 50.Ke3 Re1+
51.Kd4 Rd1+ 52.Ke4 Re1+ 53.Kd4 Rd1+ 54.Ke4 Re1+ 55.Be3 Bd5+ 56.Kf5 Be6+ 57.Kg6 Rh1
58.Bh6 Rg1+ 59.Kf6 Rf1+ 60.Kg5 Rg1+ 61.Kf4 Rf1+ 62.Ke3 Rf8 63.Rd7+  1-0

[Event "26th Open"]
[Site "Cappelle la Grande FRA"]
[Date "2010.02.14"]
[Round "2"]
[White "Mastrovasilis,A"]
[Black "Fedorchuk,S"]
[Result "1/2-1/2"]
[WhiteElo "2510"]
[BlackElo "2641"]

1.d4 Nf6 2.c4 e6 3.Nc3 Bb4 4.Nf3 c5 5.g3 cxd4 6.Nxd4 Ne4 7.Qd3 Nxc3 8.bxc3 Be7
9.Bf4 d6 10.Nb5 e5 11.Be3 a6 12.Na7 Bd7 13.Bg2 Nc6 14.Nxc6 Bxc6 15.Bxc6+ bxc6
16.O-O O-O 17.Rab1 Qc7 18.Rb6 Rfb8 19.Rfb1 Rxb6 20.Rxb6 Bg5 21.c5 Bxe3 22.Qxe3 d5
23.Qd3 a5 24.Qb1 e4 25.Qc1 a4 26.Qf4 Qxf4 27.gxf4 Kf8 28.Rxc6 Ra5 29.Kf1 Rb5
30.Ke1 Rb2 31.Rd6 Ke7 32.Rxd5 Rxa2 33.Rd4 a3 34.Rxe4+ Kd7 35.Ra4 Kc6 36.Ra5 h5
37.f3 f5 38.h4 Ra1+ 39.Kf2 a2 40.Kg2 g6 41.e4 Kc7 42.e5 Kc6 43.e6 Kd5 44.e7 Re1
45.Rxa2 Rxe7 46.Ra6 Rg7 47.Kf2 Kxc5 48.Ke3 Rg8 49.Kd3 Rd8+ 50.Kc2 Rg8 51.Rf6 Kc4
52.Rf7 Kc5 53.Rc7+ Kd6 54.Ra7 Kc5 55.Ra5+ Kc4 56.Ra4+ Kc5 57.Kd3 Rd8+ 58.Kc2 Re8
59.Kd2 Rd8+ 60.Ke2 Re8+ 61.Kf2 Re6 62.Rd4 Re8 63.Rd7 Kc4 64.Rd6 Rg8 65.Ke3 Kc5
66.Rd7 Kc6 67.Re7 Kc5 68.Kd3 Rd8+ 69.Kc2 Rg8 70.Rc7+ Kd6 71.Rc4 Ra8 72.Kd3 Ra1
73.Rc8 Ke7 74.Rc6 Kf7 75.Rb6 Rd1+ 76.Ke3 Re1+ 77.Kd4 Rd1+ 78.Ke5 Re1+ 79.Kd5 Rd1+
80.Kc6 Rh1 81.Kd6 Rd1+ 82.Kc7 Rh1 83.c4 Rxh4 84.c5 Rxf4 85.c6 h4 86.Kb7 h3
87.c7 Rc4 88.f4 h2 89.Rb1 g5 90.Rh1 Rb4+ 91.Ka7 Rc4 92.Kb7 Rb4+ 93.Ka7 Rc4
94.Kb7 Rb4+ 95.Ka7 Rc4  1/2-1/2

[Event "9th Aeroflot Open A"]
[Site "Moscow RUS"]
[Date "2010.02.17"]
[Round "9"]
[White "Morovic Fernandez,I"]
[Black "Feller,S"]
[Result "0-1"]
[WhiteElo "2561"]
[BlackElo "2579"]

1.d4 Nf6 2.c4 e6 3.Nc3 Bb4 4.Nf3 b6 5.Qc2 Bb7 6.a3 Bxc3+ 7.Qxc3 Ne4 8.Qc2 O-O
9.g3 d5 10.Bg2 Nd7 11.O-O c5 12.dxc5 bxc5 13.cxd5 exd5 14.b4 Rc8 15.bxc5 Ndxc5
16.Be3 Ba6 17.Bd4 Ne6 18.Qb2 Nxd4 19.Nxd4 Qf6 20.Rad1 Rfe8 21.Bf3 Rc4 22.Kg2 Qe5
23.e3 Ng5 24.Qd2 Bc8 25.Be2 Bh3+ 26.Kg1 Bxf1 27.Rxf1 Ne4 28.Qa5 Rc7 29.Nf3 Qe7
30.Bd3 Rc5 31.Qa6 Rc3 32.Qb5 Nc5 33.Bb1 Rxa3 34.Nd4 a6 35.Qc6 Rc3 36.Qxd5 Ne6
37.Ba2 Nxd4 38.Qxd4 Rec8 39.Qb6 R3c6 40.Qa5 Qf6 41.Bb1 Rc1 42.Bd3 Rxf1+ 43.Kxf1 Rc6
44.Kg2 g6 45.Be2 Rb6 46.g4 Qc6+ 47.Bf3 Qb5 48.Qd2 Rb8 49.Bd5 Qb2 50.Qd3 Qf6
51.f4 g5 52.Kg3 h6 53.h4 gxf4+ 54.exf4 Rd8 55.Qc4 Qd6 56.Bf3 Qe6 57.Qc3 Re8
58.Kf2 Qd6 59.Kg3 Qe7 60.Qc6 Qe6 61.Qa4 Qe1+ 62.Kg2 Re6 63.h5 Qd2+ 64.Kg3 Re1
65.Qxa6 Rg1+ 66.Kh3 Qxf4 67.Qc8+ Kg7 68.Qc3+ Qf6 69.Qe3 Qa1 70.Be2 Rh1+ 71.Kg2 Re1
72.g5 Rxe2+ 73.Qxe2 hxg5 74.Qe4 Qa2+ 75.Kg3 Qe6 76.Qd4+ Kh7 77.Qc3 Qf5 78.Qd4 Kh6
79.Qh8+ Qh7 80.Qf6+ Kxh5 81.Qf3+ Kg6 82.Qe4+ Kh6 83.Qh1+ Kg7 84.Qa1+ f6 85.Qa4 Qd3+
86.Kg4 Qe2+ 87.Kg3 Kg6 88.Qa8 Qe3+ 89.Kg2 f5 90.Kf1 Kh5 91.Qc6 Kg4 92.Qc2 Qe4
93.Qc8 Kg3 94.Qg8 Qe3 95.Qa2 Qf3+  0-1

[Event "9th Aeroflot Open A"]
[Site "Moscow RUS"]
[Date "2010.02.17"]
[Round "9"]
[White "Belov,Vl"]
[Black "Moiseenko,A1"]
[Result "1/2-1/2"]
[WhiteElo "2595"]
[BlackElo "2677"]

1.d4 Nf6 2.c4 e6 3.Nc3 Bb4 4.Nf3 d5 5.cxd5 exd5 6.Bg5 h6 7.Bh4 g5 8.Bg3 Ne4
9.Nd2 Nxg3 10.hxg3 c6 11.e3  1/2-1/2

[Event "18th Fajr Open"]
[Site "Mashhad IRI"]
[Date "2010.02.21"]
[Round "2"]
[White "Aliev,K"]
[Black "Hosseinipour,M"]
[Result "0-1"]
[WhiteElo "2355"]
[BlackElo "2207"]

1.d4 Nf6 2.c4 e6 3.Nc3 Bb4 4.Nf3 c5 5.e3 O-O 6.Be2 cxd4 7.exd4 d5 8.O-O dxc4
9.Bxc4 b6 10.Bg5 Bb7 11.Qd3 Nbd7 12.Rad1 Bxc3 13.bxc3 Qc7 14.Bb3 Rac8 15.c4 Rfe8
16.Rfe1 Bxf3 17.Qxf3 e5 18.d5 Qd6 19.h3 Nc5 20.Bc2 Nb7 21.Ba4 Red8 22.Bb5 Rc7
23.Qe3 Re7 24.Bf4 Nd7 25.Bxd7 Qxd7 26.Qa3 Qd6 27.Qxd6 Nxd6 28.Rxe5 Rxe5 29.Bxe5 Nxc4
30.Bf4 f6 31.a4 a6 32.Bc7 Rd7 33.d6 Kf7 34.Rb1 Ke6 35.Rb4 Kd5 36.Bxb6 Rxd6
37.Bc7 Re6 38.Bg3 Rb6 39.Rxb6 Nxb6 40.a5 Nc4 41.Bc7 Kc6 42.Bf4 Kb5 43.g4 Kxa5
44.h4 Kb5 45.h5 a5 46.h6 g5 47.Bc7 Ne5 48.Bd8 Nxg4 49.f3 Nxh6 50.Bxf6 Nf7
51.Kg2 a4 52.Kg3 h5 53.f4 gxf4+ 54.Kxf4 a3 55.Kg3 Kc4 56.Kh4 Kb3 57.Kxh5 Nd6
58.Kg4 Nc4 59.Ba1 Nb2 60.Kf3 Ka2  0-1

[Event "18th Fajr Open"]
[Site "Mashhad IRI"]
[Date "2010.02.21"]
[Round "2"]
[White "Nourdadashi,M"]
[Black "Tiviakov,S"]
[Result "0-1"]
[WhiteElo "2087"]
[BlackElo "2662"]

1.d4 Nf6 2.c4 e6 3.Nc3 Bb4 4.Nf3 b6 5.g3 Ba6 6.Qb3 c5 7.e3 Nc6 8.a3 Na5 9.Qc2 Bxc3+
10.Qxc3 cxd4 11.exd4 Rc8 12.b3 d5 13.Nd2 dxc4 14.bxc4 O-O 15.Be2 Nd5 16.Qd3 Nxc4
17.O-O Nxd2 18.Qxd2 Bxe2 19.Qxe2 Nc3 20.Qa6 Qxd4 21.Bb2 Qa4 22.Qb7 Nd5 23.Rfd1 Rc7
24.Rd4 Qxd4  0-1

[Event "ch-IND National Teams"]
[Site "Gurgaon IND"]
[Date "2010.02.22"]
[Round "3"]
[White "Lahiri,A"]
[Black "Bakre,T"]
[Result "0-1"]
[WhiteElo "2379"]
[BlackElo "2465"]

1.d4 Nf6 2.c4 e6 3.Nc3 Bb4 4.Nf3 c5 5.e3 d5 6.Bd3 Nc6 7.O-O O-O 8.a3 Bxc3
9.bxc3 Qc7 10.Bb2 Re8 11.Qe2 dxc4 12.Bxc4 e5 13.h3 Bf5 14.d5 Na5 15.Bb5 c4
16.e4 Bxe4 17.Bxe8 Rxe8 18.Qe3 Bd3 19.Rfe1 Nxd5 20.Qd4 Nb6 21.Rxe5 Rxe5 22.Qxe5 Qxe5
23.Nxe5 Na4 24.Nxd3 cxd3 25.Rb1 Nb3 26.Bc1 Nxc1 27.Rxb7 Kf8 28.Kf1 d2 29.Rd7 Nb3  0-1

[Event "18th Fajr Open"]
[Site "Mashhad IRI"]
[Date "2010.02.22"]
[Round "4"]
[White "Babujian,L"]
[Black "Koohestani,S"]
[Result "1-0"]
[WhiteElo "2497"]
[BlackElo "2196"]

1.d4 Nf6 2.c4 e6 3.Nc3 Bb4 4.Nf3 b6 5.Bg5 Bb7 6.e3 h6 7.Bh4 g5 8.Bg3 Ne4
9.Qc2 Bxc3+ 10.bxc3 d6 11.Bd3 f5 12.Nd2 Nxd2 13.Kxd2 Bxg2 14.Rhg1 Bf3 15.d5 Nd7
16.dxe6 Nc5 17.Bxf5 Qf6 18.e4 h5 19.h3 Ke7 20.Rae1 Rad8 21.Kc1 Rhf8 22.Re3 g4
23.hxg4 hxg4 24.Qd2 Nxe6 25.Qd5 Ng7 26.Rxf3  1-0

[Event "Reykjavik Open"]
[Site "Reykjavik ISL"]
[Date "2010.02.28"]
[Round "6"]
[White "Kogan,Ar"]
[Black "Gretarsson,Hj"]
[Result "0-1"]
[WhiteElo "2524"]
[BlackElo "2358"]

1.d4 Nf6 2.Nf3 e6 3.c4 Bb4+ 4.Nc3 c5 5.e3 O-O 6.Bd3 d5 7.O-O Nbd7 8.cxd5 exd5
9.Ne5 Re8 10.f4 Nf8 11.Qf3 Ne6 12.a3 Ba5 13.f5 Ng5 14.Qg3 Bxc3 15.Qxg5 Rxe5
16.dxe5 Bxe5 17.Rb1 Qd6 18.Qh4 Bd7 19.Bd2 Re8 20.Kh1 b5 21.Rf3 Bc6 22.Rh3 h6
23.b3 c4 24.Bb4 Qc7 25.Bc2 Bb7 26.Be1 Qc6 27.Qf2 a6 28.Qf3 Ne4 29.Bxe4 dxe4
30.Qd1 c3 31.Rc1 Rc8 32.Qc2 Qd5 33.Bg3 Bxg3 34.Rxg3 Qd2 35.f6 g6 36.h4 Qxc2
37.Rxc2 Bd5 38.b4 Bb3 39.Rc1 Be6 40.Rc2 Kf8 41.Kg1 Ke8 42.Rc1 Bf5 43.Kf2 Kd7
44.Ke1 c2 45.Kd2 Ke6 46.Rxc2 Rxc2+ 47.Kxc2 Kxf6 48.a4 Ke5 49.axb5 axb5 50.Kc3 f6
51.Kd2 g5 52.Kc3 g4 53.Kd2 Be6 54.Kc3 f5 55.Kd2 Bc4 56.Kc2 Kd5 57.Kc3 Bf1
58.Kb3 Be2 59.Kc3 Bd1 60.Kd2 Ba4 61.Kc3 h5 62.Kb2 Kc4 63.Ka3 Kc3  0-1

[Event "11th EICC Women"]
[Site "Rijeka CRO"]
[Date "2010.03.09"]
[Round "4"]
[White "Nebolsina,V"]
[Black "Worek,J"]
[Result "1-0"]
[WhiteElo "2310"]
[BlackElo "2245"]

1.d4 Nf6 2.c4 e6 3.Nc3 Bb4 4.Nf3 O-O 5.g3 d6 6.Bg2 Bxc3+ 7.bxc3 Nbd7 8.O-O Qe7
9.Qc2 e5 10.Nh4 Re8 11.Nf5 Qf8 12.a4 Nb6 13.Ne3 Ng4 14.Be4 exd4 15.cxd4 Nxe3
16.Bxh7+ Kh8 17.fxe3 Re6 18.Bf5 Rf6 19.e4 Bxf5 20.exf5 d5 21.cxd5 Nxd5 22.e4 Rc6
23.Qe2 Nf6 24.Ba3 Qd8 25.Rad1 Ra6 26.e5 Qe8 27.Qg2 Nh7 28.Bb2 Rxa4 29.d5 Rd8
30.Rfe1 Qb5 31.e6 f6 32.Bc1 Qb1 33.Qe2 Ra2 34.e7 Re8 35.Qh5 Qb5 36.Re4 Ra4
37.Re3 Kg8 38.d6 cxd6 39.Rxd6 Qc6 40.Rc3 Qb6+ 41.Be3 Ra1+ 42.Kg2 Ra2+ 43.Kh3 Rxe7
44.Rc8+ Nf8 45.Rdd8  1-0

[Event "11th EICC Women"]
[Site "Rijeka CRO"]
[Date "2010.03.09"]
[Round "4"]
[White "Papadopoulou,V"]
[Black "Cherednichenko,E"]
[Result "1-0"]
[WhiteElo "2228"]
[BlackElo "2100"]

1.d4 Nf6 2.c4 e6 3.Nc3 Bb4 4.Nf3 d6 5.g3 Nbd7 6.Bg2 O-O 7.O-O Bxc3 8.bxc3 Qe7
9.Nd2 e5 10.e4 c5 11.f4 cxd4 12.cxd4 exd4 13.Ba3 Nc5 14.e5 Ng4 15.Ne4 Nxe4
16.Bxe4 Rd8 17.Qd3 Qe6 18.exd6 Ne3 19.Rfe1 Qf6 20.c5 Bf5 21.Bxf5 Nxf5 22.Re5 g6
23.Rae1 h5 24.Qb5 b6 25.d7 a6 26.Re8+ Kh7 27.Qxb6 Qxb6 28.cxb6 d3 29.b7 Rab8
30.Rxd8 Rxd8 31.Bb4 Nd4 32.Re8 Nc6 33.Rxd8 Nxb4 34.b8=Q  1-0

[Event "11th EICC Women"]
[Site "Rijeka CRO"]
[Date "2010.03.14"]
[Round "8"]
[White "Romanko,M"]
[Black "Javakhishvili,L"]
[Result "1/2-1/2"]
[WhiteElo "2409"]
[BlackElo "2492"]

1.d4 Nf6 2.c4 e6 3.Nc3 Bb4 4.Nf3 c5 5.g3 cxd4 6.Nxd4 Ne4 7.Qd3 Bxc3+ 8.bxc3 Nc5
9.Qf3 d6 10.Bg2 e5 11.Qe3 Be6 12.Nxe6 fxe6 13.f4 exf4 14.gxf4 Qh4+ 15.Qg3 Qxg3+
16.hxg3 Nbd7 17.Be3 Rc8 18.Rd1 Ke7 19.Bd4 Nf6 20.Bf3 h6 21.g4 b6 22.Kf2 Rhf8
23.Rdg1 Ncd7 24.g5 hxg5 25.Rxg5 e5 26.Rxg7+ Rf7 27.Rxf7+ Kxf7 28.fxe5 dxe5
29.Be3 Rxc4 30.Bd2 e4 31.Bg2 Ra4 32.Bh3 Rxa2 33.Be3 Ne5 34.Bd4 Nc6 35.Bxf6 Kxf6
36.Bg2 Kf5 37.Rh5+ Kg4 38.Rh6 Ne5 39.Bxe4 Kf4 40.Bf3 Nxf3 41.Rf6+ Ke4 42.Rxf3 Kd5
43.Rf7 a5 44.Ke3 Kc4 45.Rc7+ Kb5 46.Kd3 Ra1 47.Kc2 Re1 48.Re7 Ka4  1/2-1/2

[Event "11th EICC Women"]
[Site "Rijeka CRO"]
[Date "2010.03.14"]
[Round "8"]
[White "Papadopoulou,V"]
[Black "Kursova,M"]
[Result "1/2-1/2"]
[WhiteElo "2228"]
[BlackElo "2296"]

1.d4 Nf6 2.c4 e6 3.Nc3 Bb4 4.Nf3 b6 5.Bg5 Bb7 6.e3 Bxc3+ 7.bxc3 d6 8.Nd2 Nbd7
9.f3 Qe7 10.Bd3 h6 11.Bh4 e5 12.e4 O-O 13.O-O Rfd8 14.Re1 Nf8 15.Bf2 Nh5
16.g3 g6 17.Nf1 Ne6 18.Ne3 c5 19.dxe5 dxe5 20.Nd5 Qf8 21.a4 Rd6 22.a5 Qd8
23.axb6 axb6 24.Qb3 Ng5 25.Kg2 Rxa1 26.Rxa1 Bxd5 27.cxd5 Qc8 28.Be2 Rf6 29.c4 Qh3+
30.Kg1 Qc8 31.Kg2 Qh3+ 32.Kg1 Qc8 33.Kg2  1/2-1/2

[Event "11th EICC Women"]
[Site "Rijeka CRO"]
[Date "2010.03.16"]
[Round "10"]
[White "Romanko,M"]
[Black "Socko,M"]
[Result "0-1"]
[WhiteElo "2409"]
[BlackElo "2465"]

1.d4 Nf6 2.c4 e6 3.Nc3 Bb4 4.Nf3 b6 5.Bg5 h6 6.Bh4 Bb7 7.Nd2 g5 8.Bg3 Bxc3
9.bxc3 d6 10.f3 Nbd7 11.Bf2 Qe7 12.e4 O-O-O 13.a4 a5 14.Bd3 Nh5 15.g3 f5
16.Qe2 f4 17.g4 Ng7 18.h3 h5 19.Rf1 e5 20.c5 dxc5 21.d5 Ne8 22.Ba6 Nd6 23.Rb1 Nb8
24.Bxb7+ Nxb7 25.Kd1 Qe8 26.Qc4 hxg4 27.hxg4 Rh2 28.Qb3 Kd7 29.Nc4 Nd6 30.Nxb6+ cxb6
31.Qxb6 Ke7 32.Bxc5 Qxa4+ 33.Ke1 Qc4 34.Rf2 Rh1+ 35.Kd2 Rxb1 36.Bxd6+ Rxd6
37.Qxb1 Nd7 38.Rh2 Rb6 39.Qa1 Nc5  0-1

[Event "11th EICC Women"]
[Site "Rijeka CRO"]
[Date "2010.03.17"]
[Round "11"]
[White "Tarasova,Viktoriy"]
[Black "Tsatsalashvili,K"]
[Result "1-0"]
[WhiteElo "2261"]
[BlackElo "2326"]

1.d4 Nf6 2.c4 e6 3.Nc3 Bb4 4.Nf3 c5 5.g3 Ne4 6.Qd3 cxd4 7.Nxd4 Bxc3+ 8.bxc3 Nc5
9.Qf3 d6 10.Bg2 O-O 11.O-O a6 12.Rd1 Qc7 13.Nb3 Nbd7 14.Ba3 Rb8 15.Qf4 e5
16.Qd2 b5 17.Qxd6 Qxd6 18.Rxd6 Na4 19.cxb5 axb5 20.Rd3 Re8 21.Bc6 e4 22.Rd2 Nab6
23.Bd6 Re6 24.Bxd7 Rxd6 25.Rxd6 Bxd7 26.Rad1 Be8 27.Rd8 Rxd8 28.Rxd8 Kf8
29.Rd1 Ke7 30.Kf1 Nc4 31.Nd2 Nd6 32.Rc1 Bd7 33.c4 bxc4 34.Nxc4 Nb5 35.e3 Na7
36.Ke2 Nc6 37.a4 Nb4 38.Nb6 Be6 39.Rc4  1-0

[Event "TCh-AUT 2009-10"]
[Site "Baden AUT"]
[Date "2010.03.20"]
[Round "11"]
[White "Lovrinovic,C"]
[Black "Ribli,Z"]
[Result "1/2-1/2"]
[WhiteElo "2247"]
[BlackElo "2559"]

1.d4 Nf6 2.c4 e6 3.Nc3 Bb4 4.Nf3 c5 5.g3 cxd4 6.Nxd4 O-O 7.Bg2 d5 8.cxd5 Nxd5
9.Qb3 Na6 10.O-O Nxc3 11.bxc3 Bc5 12.Bf4 Qe7 13.Nf3 b6 14.Rfd1 Bb7 15.Qa4 Rad8
16.Ne5 Bxg2 17.Kxg2 Nb8 18.Rxd8 Rxd8 19.Rd1 Rxd1 20.Qxd1 f6 21.Nd3 Qb7+ 22.f3 Nd7
23.Qa4 Kf7 24.e4 a6 25.Qc4 Be7 26.a4 b5 27.axb5 axb5 28.Qc7 Nc5 29.Nxc5  1/2-1/2

[Event "21st Pobeskydi TS Cup"]
[Site "Frydek-Mistek CZE"]
[Date "2010.04.03"]
[Round "6"]
[White "Matuszewski,M"]
[Black "Klima,L"]
[Result "0-1"]
[WhiteElo "2283"]
[BlackElo "2433"]

1.d4 Nf6 2.c4 e6 3.Nc3 Bb4 4.Nf3 O-O 5.Bg5 c5 6.e3 d6 7.Bd3 Nbd7 8.Qc2 h6
9.h4 Qa5 10.Bf4 cxd4 11.exd4 e5 12.dxe5 dxe5 13.Bd2 Nc5 14.O-O Qd8 15.Nxe5 Nxd3
16.Qxd3 Bd6 17.Bf4 Nh5 18.Nxf7 Nxf4 19.Qxd6 Qxh4 20.g3 Nh3+ 21.Kg2 Qh5 22.Ne5 Ng5
23.Qd1 Bh3+ 24.Kg1 Nf3+ 25.Nxf3 Bxf1 26.Qd5+ Qxd5 27.cxd5 Rxf3 28.Kxf1 Raf8
29.Ne4 Rd3 30.d6 Re8 31.Re1 Kf7 32.Re2 g5 33.Ke1 g4 34.b3 Rd4 35.Nc5 Rxe2+
36.Kxe2 b6 37.Nd3 Kf6 38.Ke3 Rxd6 39.Ke4 Re6+ 40.Kd4 Re2 41.a4 Kf5 42.Kd5 Rd2
43.Kd4 Rd1 44.b4 Ra1 45.Nb2 Ra2 46.Kc3 Rxb2 47.Kxb2 Ke4 48.a5 bxa5  0-1

[Event "22nd Kreuz-Open"]
[Site "Lenk SUI"]
[Date "2010.04.04"]
[Round "5"]
[White "Gerber,R"]
[Black "Prunescu,C"]
[Result "1/2-1/2"]
[WhiteElo "2370"]
[BlackElo "2197"]

1.d4 Nf6 2.c4 e6 3.Nc3 Bb4 4.Nf3 c5 5.e3 O-O 6.Bd3 d5 7.O-O dxc4 8.Bxc4 Nbd7
9.Qe2 b6 10.Rd1 cxd4 11.exd4 Bb7 12.Bg5 Bxc3 13.bxc3 Qc7 14.Bd3 Qxc3 15.Ne5 Nxe5
16.dxe5 Nd5 17.Rac1 Qa3 18.Qg4 Rfc8 19.Bh6 g6 20.Rxc8+ Rxc8 21.h4 Qe7 22.h5 Bc6
23.hxg6 fxg6 24.Bc4 Re8 25.Rd3 Qb4 26.Bd2 Qb1+ 27.Kh2 b5 28.Bxd5 Bxd5 29.Rxd5 exd5
30.Qd7 Rxe5 31.Qd8+ Kf7 32.Qd7+ Kg8 33.Qd8+ Kf7 34.Qd7+ Kg8 35.Qd8+ Kf7  1/2-1/2

[Event "1st LUCOPEN"]
[Site "Lille FRA"]
[Date "2010.04.04"]
[Round "2"]
[White "Barsov,A"]
[Black "Cappon,J"]
[Result "1/2-1/2"]
[WhiteElo "2489"]
[BlackElo "2199"]

1.c4 Nf6 2.Nc3 e6 3.d4 Bb4 4.Nf3 b6 5.Bg5 h6 6.Bh4 g5 7.Bg3 Ne4 8.Qc2 Bb7
9.e3 Bxc3+ 10.bxc3 d6 11.Nd2 Nxg3 12.hxg3 Nd7 13.Rh2 Qe7 14.Be2 Kf8 15.Bf3 Bxf3
16.gxf3 Kg7 17.g4 c5 18.Ke2 Rac8 19.Qd3 Nf6 20.e4 Nd7 21.f4 gxf4 22.Rg1 Nf8
23.d5 Ng6  1/2-1/2

[Event "12th Open"]
[Site "Dubai UAE"]
[Date "2010.04.07"]
[Round "3"]
[White "Iordachescu,V"]
[Black "Ibrahimov,R"]
[Result "1/2-1/2"]
[WhiteElo "2621"]
[BlackElo "2538"]

1.d4 Nf6 2.c4 e6 3.Nc3 Bb4 4.Nf3 b6 5.Bg5 Bb7 6.Nd2 Bxc3 7.bxc3 d6 8.f3 h6
9.Bh4 Nc6 10.e4 Ne7 11.Bf2 Ng6 12.g3 O-O 13.h4 e5 14.Bd3 Re8 15.Kf1 c6 16.h5 Nf8
17.f4 b5 18.Rb1 bxc4 19.Bxc4 Bc8 20.dxe5 dxe5 21.f5 Qa5 22.Qe2 Qxc3 23.Kg2 Qa5
24.g4 N8h7 25.Be3 Rd8 26.Nb3 Qc7 27.Nc5 Rb8 28.Rbd1 Rf8 29.Rh3 Qe7 30.Rg3 Ng5
31.Qc2 Rd8 32.Rxd8+ Qxd8  1/2-1/2

[Event "IV Open"]
[Site "La Laguna ESP"]
[Date "2010.04.08"]
[Round "5"]
[White "Hernandez Carmenates,Hold"]
[Black "Rodriguez Ferraz,B"]
[Result "1-0"]
[WhiteElo "2541"]
[BlackElo "2037"]

1.d4 Nf6 2.c4 e6 3.Nc3 Bb4 4.Nf3 b6 5.e3 Bb7 6.Bd3 Bxc3+ 7.bxc3 O-O 8.O-O Ne4
9.Ne1 f5 10.f3 Nf6 11.Qe2 d6 12.e4 fxe4 13.fxe4 e5 14.Nf3 Qe7 15.Nh4 Nc6
16.d5 Na5 17.Bg5 Bc8 18.Rf2 Bd7 19.Raf1 Nb7 20.h3 Nc5 21.Bc2 Rf7 22.g4 Raf8
23.Rg2 Qe8 24.Bd2 Qc8 25.Nf5 Bxf5 26.exf5 Qa6 27.g5 Nfd7 28.f6 g6 29.Be3 Qa5
30.Bxc5 Nxc5 31.Qe3 Nb7 32.Rff2 Qa6 33.Bxg6 hxg6 34.Qe4 Rh7 35.Qxg6+ Kh8
36.f7 Nd8 37.Qf6+  1-0

[Event "IV Open"]
[Site "La Laguna ESP"]
[Date "2010.04.10"]
[Round "8"]
[White "Hernandez Carmenates,Hold"]
[Black "Gonzalez Vidal,Y"]
[Result "0-1"]
[WhiteElo "2541"]
[BlackElo "2512"]

1.d4 Nf6 2.c4 e6 3.Nc3 Bb4 4.Nf3 O-O 5.Bg5 b6 6.e4 h6 7.Bxf6 Qxf6 8.e5 Qf4
9.Be2 Bb7 10.O-O Bxc3 11.bxc3 d6 12.Re1 Nd7 13.g3 Qe4 14.exd6 cxd6 15.a4 Nf6
16.a5 bxa5 17.Rxa5 Qc6 18.Qa4 Qc7 19.Nd2 Nd7 20.Ra1 a6 21.Qc2 Rfc8 22.Qd3 Nf6
23.g4 e5 24.d5 Qe7 25.h4 e4 26.Qg3 Nd7 27.Bf1 Re8 28.Re1 Qd8 29.Raa1 Nc5
30.Bg2 e3 31.Rxe3 Rxe3 32.Qxe3 Qxh4 33.Ne4 Nxe4 34.Qxe4 Rf8 35.Bf3 Bc8 36.Kg2 f5
37.gxf5 Qf6 38.Qe3 Qxf5 39.Be4 Qg4+ 40.Kf1 Qh4 41.c5 dxc5 42.Ra5 Qh5 43.f3 Bg4
44.Ke2 Bd7 45.Ra1 Bb5+ 46.Kd2 Qh2+ 47.Kc1 h5 48.Qxc5 Qf4+ 49.Kc2 Qh2+ 50.Kb3 Rb8
51.Ka3 Bc4 52.Ka4 Qb2 53.Ra3 Bb3+  0-1

[Event "Open"]
[Site "Bar MNE"]
[Date "2010.04.18"]
[Round "3"]
[White "Draganic,V"]
[Black "Georgiev,Vl"]
[Result "0-1"]
[WhiteElo "2268"]
[BlackElo "2575"]

1.d4 Nf6 2.c4 e6 3.Nc3 Bb4 4.Nf3 b6 5.Bg5 h6 6.Bh4 Bb7 7.Nd2 Nc6 8.d5 Ne5
9.e4 Ng6 10.Bg3 Qe7 11.Be2 e5 12.O-O h5 13.h3 Bxc3 14.bxc3 d6 15.Re1 Bc8
16.Bf3 h4 17.Bh2 Nf8 18.Nf1 N8d7 19.Qa4 Kd8 20.Ne3 Nc5 21.Qc2 Qe8 22.a4 a5
23.Nf5 Bxf5 24.exf5 Qd7 25.Bg4 Kc8 26.Kh1 Nxg4 27.hxg4 h3 28.g3 e4 29.f3 exf3
30.Bg1 Re8 31.Bxc5 dxc5 32.Kg1 Kb7 33.Kf2 Rxe1 34.Rxe1 Re8 35.Qd1 Rxe1 36.Qxe1 Qxa4  0-1